000
00310nam a2200133Ia 4500
005
20251222144900.0
008
251222s9999||||xx |||||||||||||| ||spa||
020
_a
1-892021-14-5
082
_a
858.9/B88
100
_a
Buffoni, Franco
245
4
_a
The Shadow of Mount Rosa
264
_b
Gradiva
942
_c
LIB
999
_c
21953
_d
21953